| 000 | 01381cam a2200289 i 4500 | ||
|---|---|---|---|
| 003 | SA-RiAUC | ||
| 005 | 20250526061710.0 | ||
| 008 | 250522s2002 ir g 001 0 ara c | ||
| 020 | _a9645688876 | ||
| 040 |
_aSA-JeALM _bara _cSA-RiAUC _erda |
||
| 082 | 0 | 4 |
_a247.1 _qSA-RiAUC |
| 090 |
_a247.1 _b ا ب ن ش |
||
| 100 | 1 |
_aابن شرف الدين، عبد الحسين بن يوسف، _d1873-1957 _eمؤلف. |
|
| 245 | 1 | 2 |
_aالمراجعات : _bرسائل متبادلة بين العلمين : الشيخ سليم البشري شيخ الجامع الأزهر والسيد شرف الدين العاملي / _cعبد الحسين شرف الدين ؛ تحقيق المجمع العالمي لأهل البيت. |
| 250 | _aالطبعة الثانية. | ||
| 264 | 1 |
_aقم، إيران : _bالمجمع العالمي لأهل البيت، _c2006 |
|
| 300 |
_a731 صفحة ؛ _c25 سم |
||
| 336 |
_aنص _btxt _2rdacontent _3كتاب |
||
| 337 |
_aبدون وسيط _bn _2rdamedia |
||
| 338 |
_aمجلد _bnc _2rdacarrier |
||
| 500 | _aيشتمل على كشافات. | ||
| 650 | 7 |
_aالشيعة (فرقة إسلامية) _2aucsh |
|
| 650 | 7 |
_aالإمامة عند الشيعة _vمقالات ومحاضرات _2aucsh |
|
| 710 |
_aالمجمع العالمي لأهل البيت، _eتحقيق. |
||
| 942 |
_2ddc _cBOOK _n0 |
||
| 949 |
_aSA-JeALM _d250522 _umohamedma123 _n1 |
||
| 999 |
_c8354 _d8354 |
||